000 00339pab a2200145 454500
008 180718b1985 xxu||||| |||| 00| 0 eng d
100 _aPola, Kumaran
245 _aNo hope for railway commuter
260 _c1985
300 _a580-9
362 _a30 Mar.
650 _aRailways - Budgets - India
773 _aCommerce
909 _a17020
999 _c17020
_d17020